Minecraft Horror mod quiz - Statistics

General Stats
  • This quiz has been taken 59 times
  • The average score is 5 of 16
Answer Stats
Picture Answer % Correct
Cave Dweller Reimagined
87%
Siren Head: The Arrival
82%
The Mimicer
58%
The man from the fog
53%
The one who watches
38%
The Steve Dweller
38%
Cartoon Dweller
36%
Christmas Dweller
29%
beware the rain
22%
Mickey Mouse Dweller
22%
thats not a deer
16%
The Dweller King
16%
The Intruder
11%
The Goatman Dweller
9%
The man from the void
9%
The Amalgamation
4%
No matching quizzes found
Score Distribution
Percent of People with Each Score
Percentile by Number Answered
Your Score History
You have not taken this quiz